Návrh a realizácia prepojenia mikrokontroléra so smartfónom s využitím NFC

Salvato in:
Dettagli Bibliografici
Autore principale: Mašek, Michal (Autore)
Altri autori: Škulavík, Tomáš (Relatore della tesi)
Natura: Manoscritto Libro
Lingua:slovacco
Pubblicazione: 2016
Soggetti:
Accesso online:http://is.stuba.sk/zp/portal_zp.pl?podrobnosti=121235
Tags: Aggiungi Tag
Nessun Tag, puoi essere il primo ad aggiungerne!!

MARC

LEADER 00000ntm a22000003a 4500
001 stuzp50731
003 SK-STU
005 20160719153639.5
007 ta
008 150427s2015----xo-----f-mn---000-0-slo-d
040 |a STU  |b slo 
041 0 |a slo 
100 1 |a Mašek, Michal  |u 066000  |4 aut  |U MTF Materiálovotechnologická fakulta  |T MTF Ústav aplikovanej informatiky, automatizácie a mechatroniky  |X 8432  |U M6000  |Y 86  |7 8432 
242 0 1 |a Design and realization of interconnection microcontroller with smartphone using NFC  |y eng 
245 1 0 |a Návrh a realizácia prepojenia mikrokontroléra so smartfónom s využitím NFC 
260 |c 2016 
650 4 |a smartfón  |2 slo 
650 4 |a mikrokontrolér  |2 slo 
650 4 |a NFC transpondér  |2 slo 
650 4 |a prepojenie  |2 slo 
650 4 |a microcontroller  |2 eng 
650 4 |a NFC transponder  |2 eng 
650 4 |a interconnection  |2 eng 
650 4 |a smartphone  |2 eng 
700 1 |a Škulavík, Tomáš  |u 066000  |k Z1  |4 ths  |U MTF Materiálovotechnologická fakulta  |T MTF Ústav aplikovanej informatiky, automatizácie a mechatroniky  |X 34937  |U M6000  |Y 86  |7 A000034937 
856 4 |u http://is.stuba.sk/zp/portal_zp.pl?podrobnosti=121235 
996 |c M* BP-7598  |l MMSKP  |s P  |a 0  |w stuzp50731_0001 
SQL |a stuzp50731  |b DBP  |c SLO  |d Návrh a realizácia prepojenia mikrokontroléra so smartfónom s využitím NFC  |e 8432  |f Mašek, Michal  |g 066000  |h 34937  |i Škulavík, Tomáš  |j 20160622  |k 168  |l 06  |m http://is.stuba.sk/zp/portal_zp.pl?podrobnosti=121235  |n B-AIA  |o 5.2.14. automatizácia, 9.2.9. aplikovaná informatika